<?xml version="1.0" encoding="UTF-8"?>
<collection xmlns="http://www.loc.gov/MARC21/slim">
    <record>
        <controlfield tag="001">74753</controlfield>
        <controlfield tag="005">20180822120515.0</controlfield>
        <datafield tag="037" ind1=" " ind2=" ">
            <subfield code="a">GDOC-2017-69025</subfield>
        </datafield>
        <datafield tag="041" ind1=" " ind2=" ">
            <subfield code="a">spa</subfield>
        </datafield>
        <datafield tag="041" ind1=" " ind2=" ">
            <subfield code="a">eng</subfield>
        </datafield>
        <datafield tag="100" ind1=" " ind2=" ">
            <subfield code="0">(orcid)0000-0002-0409-4791</subfield>
            <subfield code="1">121721</subfield>
            <subfield code="a">MARÍA GLORIA BUENO, LOZANO</subfield>
        </datafield>
        <datafield tag="245" ind1="0" ind2="0">
            <subfield code="9">69025</subfield>
            <subfield code="a">Nutrición infantil</subfield>
        </datafield>
        <datafield tag="242" ind1="0" ind2="0">
            <subfield code="9">69025</subfield>
            <subfield code="a">Infant nutrition</subfield>
        </datafield>
        <datafield tag="260" ind1=" " ind2=" ">
            <subfield code="a">Zaragoza</subfield>
            <subfield code="b">Universidad de Zaragoza</subfield>
            <subfield code="c">2017-2018</subfield>
        </datafield>
        <datafield tag="520" ind1=" " ind2=" ">
            <subfield code="a">Breve presentación de la asignatura
Esta asignatura  tiene por finalidad profundizar en las características nutricionales diferenciales y peculiares del niño y adolescente sano o con determinadas patologías,  de las que es importante tener un adecuado conocimiento para el buen manejo nutricional de las mismas.
Les permite conocer y fundamentar de forma científica y racional, los principios de la Nutrición en el Período de la infancia y la adolescencia, tanto para la aplicación clínica diaria como para la investigación. 
 </subfield>
        </datafield>
        <datafield tag="521" ind1=" " ind2=" ">
            <subfield code="9">671</subfield>
            <subfield code="a">Máster Universitario en Condicionantes Genéticos, nutricionales y ambientales del crecimiento y desarrollo</subfield>
            <subfield code="b">Master's in Genetic, nutritional and environmental growth and development condiitoners</subfield>
        </datafield>
        <datafield tag="540" ind1=" " ind2=" ">
            <subfield code="a">by-nc-sa</subfield>
            <subfield code="b">Creative Commons</subfield>
            <subfield code="c">3.0</subfield>
            <subfield code="u">http://creativecommons.org/licenses/by-nc-sa/3.0/</subfield>
        </datafield>
        <datafield tag="700" ind1=" " ind2=" ">
            <subfield code="0">(orcid)0000-0002-5165-9716</subfield>
            <subfield code="1">385619</subfield>
            <subfield code="a">JESÚS MARÍA GARAGORRI, OTERO</subfield>
        </datafield>
        <datafield tag="700" ind1=" " ind2=" ">
            <subfield code="0">(orcid)0000-0002-7985-9912</subfield>
            <subfield code="1">321782</subfield>
            <subfield code="a">GERARDO RODRÍGUEZ, MARTÍNEZ</subfield>
        </datafield>
        <datafield tag="700" ind1=" " ind2=" ">
            <subfield code="0">(orcid)0000-0001-5492-3191</subfield>
            <subfield code="1">387247</subfield>
            <subfield code="a">MARÍA PILAR SAMPER, VILLAGRASA</subfield>
        </datafield>
        <datafield tag="830" ind1=" " ind2=" ">
            <subfield code="9">461</subfield>
        </datafield>
        <datafield tag="856" ind1="4" ind2=" ">
            <subfield code="s">11320</subfield>
            <subfield code="u">http://zaguan.unizar.es/record/74753/files/guia-69025-en.pdf</subfield>
            <subfield code="y">Guide (english)</subfield>
        </datafield>
        <datafield tag="856" ind1="4" ind2=" ">
            <subfield code="s">17070</subfield>
            <subfield code="u">http://zaguan.unizar.es/record/74753/files/guia-69025-es.pdf</subfield>
            <subfield code="y">Guía (idioma español)</subfield>
        </datafield>
        <datafield tag="970" ind1=" " ind2=" ">
            <subfield code="a">GDOC-2017-69025</subfield>
        </datafield>
        <datafield tag="980" ind1=" " ind2=" ">
            <subfield code="a">GDOC</subfield>
            <subfield code="b">Ciencias de la Salud</subfield>
            <subfield code="b">Health Sciences</subfield>
            <subfield code="c">104</subfield>
        </datafield>
    </record>

    
</collection>